[Event "HUN-chT4 Chalupetzky 1819"]
[Site "Hunagry"]
[Date "2018.12.16"]
[Round "4.1"]
[White "Balogh, Akos"]
[Black "Bereczki, Erno"]
[Result "1-0"]
[WhiteElo "1756"]
[BlackElo "1527"]
[PlyCount "67"]
[EventDate "2018.10.14"]
[EventType "team-tourn"]
[EventRounds "10"]
[EventCountry "HUN"]
[SourceTitle "EXT 2020"]
[Source "ChessBase"]
[SourceDate "2019.10.17"]
[SourceVersion "1"]
[SourceVersionDate "2019.10.17"]
[SourceQuality "1"]
[WhiteTeam "Toltestava Tornado"]
[BlackTeam "Lovo"]
[WhiteTeamCountry "HUN"]
[BlackTeamCountry "HUN"]

1. d4 d5 2. Nf3 Nc6 3. Bg5 Nf6 4. e3 Ne4 5. Bf4 Bg4 6. h3 Bxf3 7. gxf3 Nd6 8. Nd2 e6 9. c3 Be7 10. Bd3 f5 11. Qb3 Na5 12. Qa4+ c6 13. Be5 b5 14. Qc2 Bf6 15. Bh2 Qe7 16. e4 fxe4 17. fxe4 e5 18. 0-0-0 0-0 19. exd5 exd4 20. Rhe1 Qd7 21. dxc6 Nxc6 22. Bxh7+ Kh8 23. Qg6 Nf7 24. Qh5 Nh6 25. Be4 dxc3 26. Qg6 cxb2+ 27. Kb1 Nf5 28. Bxf5 Qxf5+ 29. Qxf5 Nd4 30. Qh5+ Kg8 31. Qd5+ Kh7 32. Ne4 Rad8 33. Nxf6+ gxf6 34. Re7+ 1-0

[Event "HUN-chT4 1718"]
[Site "Hungary"]
[Date "2018.04.14"]
[Round "8.7"]
[White "Nagy, Laszlo4444"]
[Black "Bereczki, Erno"]
[Result "1-0"]
[WhiteElo "1350"]
[BlackElo "1578"]
[PlyCount "138"]
[EventDate "2017.10.28"]
[EventType "team-tourn"]
[EventRounds "9"]
[EventCountry "HUN"]
[SourceTitle "EXT 2020"]
[Source "ChessBase"]
[SourceDate "2019.10.17"]
[SourceVersion "1"]
[SourceVersionDate "2019.10.17"]
[SourceQuality "1"]

1. e4 c5 2. Nc3 Nc6 3. Bc4 e6 4. Nf3 Bd6 5. d4 cxd4 6. Nxd4 Ne5 7. Bb3 a6 8. h3 Nf6 9. Nf5 Bf8 10. Nd6+ Bxd6 11. Qxd6 Ng6 12. Bg5 h6 13. Be3 Qe7 14. e5 Nh5 15. Ne2 Qxd6 16. exd6 b5 17. Bd4 0-0 18. g4 Nhf4 19. Nxf4 Nxf4 20. Be3 Bb7 21. Rh2 Ng2+ 22. Ke2 Nh4 23. f4 g6 24. c4 f5 25. c5 Kh7 26. Rf2 Rac8 27. Rc1 a5 28. Bd1 b4 29. Kd2 Ng2 30. Be2 Nxe3 31. Kxe3 a4 32. Kd4 Bd5 33. Bc4 Be4 34. Bb5 Bc6 35. Bxc6 Rxc6 36. Rc4 Rfc8 37. Rfc2 b3 38. axb3 axb3 39. R2c3 Rb8 40. Ra4 Rb7 41. Ra3 Rc8 42. Raxb3 Rcb8 43. Rxb7 Rxb7 44. b3 Rb4+ 45. Ke3 e5 46. fxe5 Re4+ 47. Kf3 Rxe5 48. b4 fxg4+ 49. hxg4 h5 50. gxh5 gxh5 51. b5 Re8 52. b6 Rb8 53. Re3 Kg6 54. Re7 Rc8 55. b7 Rf8+ 56. Ke4 h4 57. Kd5 h3 58. Re1 Kg5 59. Rh1 Rb8 60. c6 dxc6+ 61. Kxc6 Kg4 62. d7 Rf8 63. Kc7 Rf3 64. d8Q Rc3+ 65. Kb8 Rg3 66. Qg8+ Kf3 67. Qd5+ Kf2 68. Qd2+ Kf3 69. Rf1+ Kg4 1-0

[Event "HUN-chT4 1718"]
[Site "Hungary"]
[Date "2018.02.17"]
[Round "6.5"]
[White "Szabo, Tamas1111"]
[Black "Bereczki, Erno"]
[Result "1/2-1/2"]
[WhiteElo "1439"]
[BlackElo "1573"]
[PlyCount "109"]
[EventDate "2017.10.28"]
[EventType "team-tourn"]
[EventRounds "9"]
[EventCountry "HUN"]
[SourceTitle "EXT 2020"]
[Source "ChessBase"]
[SourceDate "2019.10.17"]
[SourceVersion "1"]
[SourceVersionDate "2019.10.17"]
[SourceQuality "1"]

1. c4 f5 2. d4 d5 3. cxd5 Qxd5 4. Nc3 Qd7 5. Nf3 Nc6 6. Bf4 e6 7. a3 Nf6 8. e3 Nd5 9. Bg3 Be7 10. Bb5 Bf6 11. Ne5 Bxe5 12. Bxe5 Nxc3 13. bxc3 a6 14. Qa4 0-0 15. Bxc6 bxc6 16. Qa5 Rf7 17. Rb1 Qd5 18. Qxd5 cxd5 19. 0-0 h5 20. Rb2 Bd7 21. Rfb1 Bb5 22. Rb4 Rc8 23. h4 c5 24. dxc5 Rxc5 25. Bd4 Rc4 26. f4 Rfc7 27. Rxc4 Rxc4 28. Rb4 g6 29. Kf2 Kf7 30. Rxc4 Bxc4 31. g3 Ke7 32. Ke1 Kd6 33. Kd2 Bb3 34. Bg7 Kc5 35. Bf8+ Kc4 36. Be7 Ba4 37. Bb4 Bb5 38. Be7 Kb3 39. Bb4 a5 40. Bxa5 Kxa3 41. Bb4+ Kb3 42. Bc5 Bc4 43. Bd4 Ka4 44. Bf6 Kb5 45. Be5 Kc5 46. Bd4+ Kb5 47. Be5 Kc6 48. Bd4 Kb5 49. Be5 Bf1 50. Bd4 Kc4 51. Be5 Bg2 52. Bd4 Be4 53. Be5 Kc5 54. Bd4+ Kc6 55. Be5 1/2-1/2

[Event "HUN-chT4 1617"]
[Site "Hungary"]
[Date "2017.01.15"]
[Round "4.2"]
[White "Bereczki, Erno"]
[Black "Hecz, Lajos"]
[Result "1-0"]
[WhiteElo "1580"]
[BlackElo "1453"]
[PlyCount "41"]
[EventDate "2016.10.02"]
[EventType "team-tourn"]
[EventRounds "7"]
[EventCountry "HUN"]
[SourceTitle "EXT 2019"]
[Source "ChessBase"]
[SourceDate "2018.10.10"]
[SourceVersion "1"]
[SourceVersionDate "2018.10.10"]
[SourceQuality "1"]

1. e4 e5 2. Nf3 Bd6 3. Nc3 c6 4. d4 exd4 5. Nxd4 Be5 6. f4 Bxd4 7. Qxd4 Qf6 8. e5 Qg6 9. Ne4 Ne7 10. Nd6+ Kd8 11. Qf2 Nf5 12. Bd3 Qh5 13. Bxf5 Rf8 14. Bd2 Na6 15. g4 Qh6 16. 0-0-0 g6 17. Bd3 Nc7 18. f5 Qh3 19. fxg6 hxg6 20. Bxg6 Qxg4 21. Qf6# 1-0

[Event "HUN-chT4a 1516"]
[Site "Hungary"]
[Date "2016.02.06"]
[Round "6.5"]
[White "Bereczki, Erno"]
[Black "Balogh, Akos"]
[Result "0-1"]
[WhiteElo "1575"]
[BlackElo "1577"]
[PlyCount "70"]
[EventDate "2015.10.17"]
[EventType "team-tourn"]
[EventRounds "8"]
[EventCountry "HUN"]
[SourceTitle "EXT 2019"]
[Source "ChessBase"]
[SourceDate "2018.10.10"]
[SourceVersion "1"]
[SourceVersionDate "2018.10.10"]
[SourceQuality "1"]

1. e4 d5 2. exd5 Qxd5 3. Nc3 Qa5 4. d3 c6 5. Bd2 Nf6 6. Ne4 Qb6 7. Nxf6+ exf6 8. Bc3 Bd6 9. Nf3 0-0 10. Be2 Bg4 11. 0-0 Nd7 12. Qd2 Qc7 13. g3 f5 14. Nd4 Bh3 15. Rfe1 f4 16. Bf3 fxg3 17. fxg3 Ne5 18. Qg5 f6 19. Qh5 Nxf3+ 20. Nxf3 Bd7 21. Re3 Rad8 22. Rae1 Qc8 23. Nd4 Be5 24. Re4 Be8 25. Qf5 Bxd4+ 26. Qf2 Bxf2+ 27. Kxf2 Bg6 28. Rf4 Rde8 29. Rf1 Qe6 30. Kg2 Qd5+ 31. Kg1 Re2 32. R1f2 Rfe8 33. b3 Rxf2 34. Rxf2 Qc5 35. Bb2 Re2 0-1

[Event "HUN-chT4 Chalupetzky 1516"]
[Site "Fertoszentmiklos"]
[Date "2016.01.17"]
[Round "4.7"]
[White "Bereczki, Erno"]
[Black "Komives, Csaba"]
[Result "0-1"]
[WhiteElo "1583"]
[BlackElo "1644"]
[PlyCount "82"]
[EventDate "2015.10.11"]
[EventType "team-tourn"]
[EventRounds "7"]
[EventCountry "HUN"]
[SourceTitle "EXT 2017"]
[Source "ChessBase"]
[SourceDate "2016.10.25"]
[SourceVersion "1"]
[SourceVersionDate "2016.10.25"]
[SourceQuality "1"]
[WhiteTeam "Lovo II"]
[BlackTeam "Fertoszentmiklos"]
[WhiteTeamCountry "HUN"]
[BlackTeamCountry "HUN"]

1. e4 c5 2. Nf3 Nc6 3. Bc4 e6 4. Nc3 g6 5. d4 cxd4 6. Nxd4 Bg7 7. Nxc6 bxc6 8. Bd2 Ne7 9. f4 0-0 10. 0-0 Qb6+ 11. Kh1 Qxb2 12. Rb1 Qa3 13. Rb3 Qc5 14. Qe2 d5 15. exd5 cxd5 16. Bd3 Nc6 17. Na4 Qd6 18. Qe1 Bd7 19. Bb5 Rfc8 20. Ba6 Rc7 21. Bb7 Rb8 22. Bxc6 Rxc6 23. Bb4 Qc7 24. Ba5 Qc8 25. c3 Rxb3 26. axb3 Ra6 27. Bb4 Bxa4 28. bxa4 Rxa4 29. Qe3 a5 30. Bc5 Rc4 31. Bd4 Bxd4 32. cxd4 Rc3 33. Qd2 a4 34. g4 Qc4 35. Rd1 a3 36. f5 exf5 37. gxf5 Rc2 38. Qg5 Qe2 39. Qd8+ Kg7 40. f6+ Kh6 41. Qf8+ Kh5 0-1

[Event "HUN-chT4b 1415"]
[Site "Hungary"]
[Date "2015.04.25"]
[Round "7.1"]
[White "Balogh, Akos"]
[Black "Bereczki, Erno"]
[Result "1-0"]
[WhiteElo "1621"]
[BlackElo "1607"]
[PlyCount "81"]
[EventDate "2014.10.04"]
[EventType "team-tourn"]
[EventRounds "7"]
[EventCountry "HUN"]
[SourceTitle "EXT 2016"]
[Source "ChessBase"]
[SourceDate "2015.10.08"]
[SourceVersion "1"]
[SourceVersionDate "2015.10.08"]
[SourceQuality "1"]

1. e4 c5 2. Nf3 Nc6 3. d4 cxd4 4. Nxd4 e6 5. Nc3 Bb4 6. Be3 a6 7. Be2 d5 8. exd5 Qxd5 9. Bf3 Qd6 10. Nxc6 Bxc3+ 11. bxc3 Qc7 12. Nb4 Qxc3+ 13. Bd2 Qe5+ 14. Be2 Nf6 15. 0-0 0-0 16. Nd3 Qf5 17. Bf3 Rb8 18. Bc3 Nd7 19. Qe2 Nc5 20. Nxc5 Qxc5 21. Qe5 Qxe5 22. Bxe5 Ra8 23. Rab1 f6 24. Bf4 Rf7 25. Rfd1 g5 26. Be3 Kg7 27. h3 Kg6 28. Rd8 h6 29. c4 e5 30. Be4+ f5 31. Rb6+ Kg7 32. Bd5 Rf8 33. Rdd6 Rh8 34. Rg6+ Kf8 35. Rbf6+ Ke8 36. Bb6 Rh7 37. Rg8+ Ke7 38. Rff8 Kd7 39. Rd8+ Ke7 40. Bc5+ Kf6 41. Rdf8+ 1-0

[Event "HUN-chT4a 1415"]
[Site "Hungary"]
[Date "2014.10.19"]
[Round "1.3"]
[White "Bereczki, Erno"]
[Black "Lukacsi, Zsolt"]
[Result "0-1"]
[WhiteElo "1607"]
[BlackElo "1641"]
[PlyCount "112"]
[EventDate "2014.10.19"]
[EventType "team-tourn"]
[EventRounds "7"]
[EventCountry "HUN"]
[SourceTitle "EXT 2016"]
[Source "ChessBase"]
[SourceDate "2015.10.08"]
[SourceVersion "1"]
[SourceVersionDate "2015.10.08"]
[SourceQuality "1"]

1. e4 e5 2. Nf3 Nc6 3. Bc4 Bc5 4. c3 d6 5. d4 exd4 6. cxd4 Bb6 7. Nc3 Nf6 8. Bg5 h6 9. Bxf6 Qxf6 10. Bb5 0-0 11. Bxc6 bxc6 12. a3 Bg4 13. Qd3 Bxf3 14. gxf3 Bxd4 15. Rd1 Be5 16. Ke2 Rab8 17. Rd2 Rb7 18. Rc2 Rfb8 19. b4 Kf8 20. Qc4 Bxc3 21. Rxc3 Rb6 22. Rhc1 Qe5 23. b5 c5 24. a4 Qxh2 25. Qd5 Qf4 26. Rg1 Re8 27. Rg4 Qe5 28. Qc4 g5 29. a5 Rbb8 30. Rg1 f5 31. Rh1 Kg7 32. Rd1 fxe4 33. f4 Qxf4 34. Re3 Qe5 35. Rd2 Kf6 36. Qa4 d5 37. b6 axb6 38. axb6 Rxb6 39. Qd7 Re7 40. Qh3 Kg6 41. Qg4 Qf5 42. Qxf5+ Kxf5 43. Rxd5+ Re5 44. Rd8 h5 45. Rf8+ Kg6 46. f4 exf3+ 47. Kxf3 Rxe3+ 48. Kxe3 g4 49. Rc8 Re6+ 50. Kf4 Re7 51. Rg8+ Rg7 52. Re8 Kf7 53. Re2 h4 54. Re1 g3 55. Kf3 g2 56. Rg1 h3 0-1

[Event "HUN-chT4 1314"]
[Site "Hungary"]
[Date "2014.03.16"]
[Round "8.2"]
[White "Bereczki, Erno"]
[Black "Somogyi, Richard"]
[Result "1-0"]
[WhiteElo "1586"]
[BlackElo "1164"]
[PlyCount "85"]
[EventDate "2013.10.13"]
[EventType "team-tourn"]
[EventRounds "11"]
[EventCountry "HUN"]
[SourceTitle "EXT 2016"]
[Source "ChessBase"]
[SourceDate "2015.10.08"]
[SourceVersion "1"]
[SourceVersionDate "2015.10.08"]
[SourceQuality "1"]

1. e4 e5 2. Nf3 Nc6 3. Bc4 Nf6 4. Nc3 Bc5 5. d3 h6 6. Nd5 0-0 7. c3 d6 8. b4 Bb6 9. a4 a5 10. b5 Ne7 11. Nxf6+ gxf6 12. Bxh6 Re8 13. Qb3 Nd5 14. Bxd5 Be6 15. 0-0 f5 16. exf5 Bxd5 17. Qxd5 Qf6 18. Be3 Bxe3 19. fxe3 Qxf5 20. Nh4 Qh5 21. Nf5 Re6 22. Rf3 Rf6 23. Ne7+ Kg7 24. Rxf6 Kxf6 25. Qxb7 Rh8 26. Nd5+ Kg7 27. h3 Qg6 28. Ne7 Qg5 29. Qf3 Qxe7 30. Rf1 Rh6 31. d4 exd4 32. exd4 Rg6 33. d5 Rf6 34. Qg4+ Kf8 35. Rxf6 Qxf6 36. c4 Qa1+ 37. Kh2 Qxa4 38. Qc8+ Kg7 39. Qxc7 Qb4 40. b6 Qb2 41. Qxd6 f5 42. Qc7+ Kg6 43. b7 1-0

[Event "HUN-chT4a 1314"]
[Site "Hungary"]
[Date "2013.09.28"]
[Round "1.3"]
[White "Bereczki, Erno"]
[Black "Pollreisz, Marcell"]
[Result "1-0"]
[WhiteElo "1641"]
[BlackElo "1456"]
[PlyCount "111"]
[EventDate "2013.09.28"]
[EventType "team-tourn"]
[EventRounds "9"]
[EventCountry "HUN"]
[SourceTitle "EXT 2016"]
[Source "ChessBase"]
[SourceDate "2015.10.08"]
[SourceVersion "1"]
[SourceVersionDate "2015.10.08"]
[SourceQuality "1"]

1. e4 e5 2. Nf3 Nc6 3. d4 exd4 4. Bc4 Nf6 5. e5 Ng4 6. Bf4 Bc5 7. h3 d5 8. exd6 Qf6 9. Qe2+ Be6 10. Bxe6 fxe6 11. Bg5 Qf5 12. hxg4 Qxg4 13. Rh4 Qf5 14. Rf4 Qd5 15. Re4 Kd7 16. dxc7 Rae8 17. Ne5+ Kxc7 18. Nxc6 bxc6 19. Re5 Qd6 20. Bf4 Qe7 21. Rxe6+ Kd7 22. Rxe7+ Rxe7 23. Be3 dxe3 24. Qd3+ Kc8 25. Qf5+ Kd8 26. f3 Bb6 27. Nc3 Kc7 28. Rd1 Rhe8 29. Ne4 g6 30. Qf4+ Re5 31. Ke2 R8e7 32. b4 a6 33. a4 Kc8 34. c4 Bc7 35. Qxe3 g5 36. Qa7 Bd6 37. Qxa6+ Kc7 38. Qa5+ Rxa5 39. bxa5 g4 40. Rb1 gxf3+ 41. gxf3 h5 42. a6 Kc8 43. Kd3 Ba3 44. c5 h4 45. Nd6+ Kd7 46. Rb7+ Ke6 47. Rxe7+ Kxe7 48. a7 Bxc5 49. Nc8+ Kf6 50. a8Q h3 51. Qxc6+ Kg5 52. Qxc5+ Kh4 53. Qd4+ Kg3 54. Qg4+ Kh2 55. Qxh3+ Kxh3 56. Ke4 1-0